| 000 | 00486nam a2200157 a 4500 | ||
|---|---|---|---|
| 005 | 20140310183546.0 | ||
| 008 | 110928s19uu xx 00 eng d | ||
| 020 | _a9780876591277 | ||
| 050 |
_aQB 631.4 _b.L43 2010 |
||
| 245 |
_aLearn every day about our green earth / _cedited by Kathy Charner. |
||
| 260 |
_aSilver Spring, MD : _bGryphon House, _c2010. |
||
| 300 |
_a127 p. : _bill. col. ; _c27 cm. |
||
| 650 |
_aEarth _xJuvenile literature |
||
| 942 |
_cBK _2lcc _kFOR |
||
| 999 |
_c24881 _d24881 |
||